Guess the Star Wars Planet - Statistics

General Stats
  • This quiz has been taken 57 times
  • The average score is 12 of 15
Answer Stats
Hint Answer % Correct
This desert planet is the home of Anakin and Luke Skywalker and is known for its twin suns. Tatooine
100%
A lush, green planet, it is the homeworld of the Gungans and Queen Amidala Naboo
98%
This icy planet is the location of the Rebel Alliance's Echo Base in "The Empire Strikes Back." Hoth
96%
This planet is entirely covered by a city and serves as the capital of the Galactic Republic. Coruscant
94%
A forest moon, this planet is home to the Ewoks and the site of the second Death Star's shield generator. Endor
94%
Known for its oceans and rainy weather, this planet is where the clone army was created. Kamino
92%
A volcanic planet, it is the site of the duel between Obi-Wan Kenobi and Anakin Skywalker. Mustafar
92%
This swampy planet is where Yoda goes into exile after the rise of the Empire. Dagobah
88%
A planet known for its dense forests and towering trees, it is the homeworld of the Wookiees Kashyyyk
86%
This gas giant is known for its floating cities and is where Han Solo was frozen in carbonite Bespin
80%
This planet is known for its rich warrior culture and famous warriors like Bo-Katan Kryze and Pre Vizsla. It was also the home of the legendary Darksaber. Mandalore
80%
This planet is known for its rocky terrain and droid factories. Geonosis
74%
This forested planet is home to the Nightsisters, a clan of powerful witches, and is also where Darth Maul was born. Dathomir
70%
This lush planet, home to the Twi'lek species, is known for its colorful flora and vibrant cities. It was heavily featured in the "Star Wars: The Clone Wars" series. Ryloth
52%
This planet is known for its jungles and dark climate. On this planet Jedi General Pong Krell betrays the clone troopers under his command. Umbara
50%
No matching quizzes found
Score Distribution
Percent of People with Each Score
Percentile by Number Answered
Your Score History
You have not taken this quiz